000 00562nam a2200193 4500
001 126032
003 ES-MaACL
005 20241121063031.0
007 t|
008 070214s1954 sp r ||||1| spa d
100 1 _aReid, John T.,
_d1908-1978
_995976
245 1 0 _aMedio siglo de poesía norteamericana /
_cJohn T. Reid.
260 _aMadrid :
_bLanga y Cia.,
_c1954.
300 _a35 p. ;
_c19 cm.
490 1 _aEstados Unidos
830 0 _aEstados Unidos
_9219090
852 _aES-MaACL
_j2024-F-22
_bR.54293
999 _c126032
_d126032